[Event "Istanbul Open 2018"]
[Site "Istanbul"]
[Date "2018.09.05"]
[Round "6"]
[White "Darban, Morteza"]
[Black "Bagaturov, Giorgi"]
[Result "1-0"]
[WhiteElo "2333"]
[BlackElo "2396"]
[Annotator "TA"]
[PlyCount "83"]
[EventDate "2018.09.02"]
[EventType "swiss"]
[EventCountry "TUR"]
[SourceTitle "playchess.com"]
[Source "ChessBase"]
[SourceQuality "1"]

{[%evp 15,83,40,39,23,43,45,108,51,64,64,64,36,135,131,149,138,136,134,155,114,124,141,125,120,168,152,156,162,151,154,180,150,191,183,196,192,189,124,220,220,216,211,231,228,254,233,339,365,327,287,287,287,285,272,276,286,512,386,382,372,368,358,347,309,457,378,658,658,656,641]} 1. g3 g6 2. Bg2 Bg7 3. d4 c5 4. d5 d6 5. c4 Nf6 6. Nc3 O-O 7. Nf3 a6 8. O-O {E64: King's Indian: Fianchetto: 6...c5 7 d5} e6 {LiveBook: 7 Games} 9. dxe6 Bxe6 10. Bf4 {White is slightly better.} Qa5 $146 (10... Nc6 $14) ({Predecessor:} 10... Nc6 11. Qxd6 Qa5 12. Nd2 Ne8 13. Qd3 Rd8 14. Nd5 Nb4 15. Qb3 b5 {1-0 (25) Ribli,Z (2595)-Gofshtein,L (2485) Manila 1992}) 11. Nd2 (11. Qb3 $16) 11... Nc6 $1 $14 12. Nb3 Qb4 13. Qxd6 Qxc4 ({Black should try} 13... a5 $14) 14. Qxc5 $16 (14. Bxc6 $6 bxc6 15. Qxc5 (15. Nxc5 $2 Rfd8 $19) 15... Rfe8 $14) 14... Nh5 15. Be3 Bxc3 16. bxc3 Qxe2 17. Nd4 Qc4 18. Qxc4 Bxc4 {[#]} 19. Rfb1 $1 Na5 20. Nb3 ({Don't do} 20. Bxb7 $6 Nxb7 21. Rxb7 Rab8 $16) 20... Bxb3 21. axb3 Nc6 22. Rd1 Rfc8 23. Bb6 Ng7 24. Rd7 $36 {[%mdl 2048] White has strong initiative.} Rab8 25. Bc7 Ra8 26. Bf4 ({White should play} 26. Rad1 $18) 26... Nd8 (26... Ne6 $16 27. Bd5 (27. Rxb7 Nxf4 28. gxf4 Nd8 $16) 27... g5) 27. c4 $18 Nge6 28. Bd6 Ra7 29. Bd5 a5 30. Re7 Ra6 (30... Rca8 $142 31. c5 Nc6) 31. Re8+ Kg7 32. Be5+ f6 33. Bc3 Kf7 34. Rh8 Kg7 35. Bxb7 $1 Rb6 $2 {[#]} (35... Raa8 {was called for.}) 36. Bxc8 Kxh8 37. Bxf6+ Kg8 38. Rxa5 Rxb3 39. Ra7 Rb1+ 40. Kg2 Rc1 $2 (40... Rb8 41. Bd7 Kf7 42. Bxd8 Rxd8 43. Bc6+ Kf6 44. Rxh7 Rd2) 41. Re7 Nc5 42. Bg5 {Precision: White = 75%, Black = 44%.} 1-0

[Event "Istanbul Open 2018"]
[Site "Istanbul"]
[Date "2018.09.05"]
[Round "6"]
[White "Nuri, Murad"]
[Black "Aliakbarov, Anar"]
[Result "1-0"]
[WhiteElo "2284"]
[BlackElo "2322"]
[Annotator "TA"]
[PlyCount "117"]
[EventDate "2018.09.02"]
[EventType "swiss"]
[EventCountry "TUR"]
[SourceTitle "playchess.com"]
[Source "ChessBase"]
[SourceQuality "1"]

{[%evp 14,117,-3,-6,-8,-15,-2,-1,-10,-21,14,0,0,0,14,12,53,23,19,0,13,0,40,38,41,10,64,59,150,156,145,121,220,201,257,150,184,100,103,114,302,109,105,8,17,-7,-10,-10,30,38,124,131,151,133,105,0,48,0,0,0,9,0,62,52,58,27,53,62,233,239,223,233,208,234,333,326,447,426,475,484,724,703,29964,29965,4375,1997,1816,1957,1085,1629,1507,1379,1625,1599,1374,1329,29972,29973,29973,29974,29963,5609,6311,6295,6270,877]} 1. e4 e5 2. Nf3 Nf6 3. Nc3 Nc6 4. Bb5 Nd4 5. Bc4 Bc5 6. d3 d6 7. h3 {C48: Four Knights: 4 Bb5, replies other than 4...Bb4} (7. Na4 b5 8. Nxd4 bxc4 9. Nf5 Bxf5 10. exf5 cxd3 11. Nxc5 dxc5 12. cxd3 Qd7 13. Qf3 O-O 14. O-O Rfd8 {½-½ (28) Wei,Y (2743)-Caruana,F (2811) Wijk aan Zee 2018}) 7... c6 8. a3 {LiveBook: 4 Games} b5 9. Ba2 {The position is equal.} Be6 $146 ({Predecessor:} 9... O-O 10. Be3 Be6 11. O-O Qb6 12. Bg5 Nd7 13. a4 b4 14. a5 Qc7 {1-0 (42) Visser,Y (2444)-Jonkman,H (2497) Netherlands 2002}) 10. Nxd4 Bxd4 11. Ne2 Bxa2 12. Rxa2 Bb6 13. Ng3 g6 14. Bh6 Qe7 15. Ra1 Nd7 16. Qg4 Qe6 17. Qf3 d5 18. O-O d4 19. Qd1 c5 (19... a5 $11) 20. a4 $14 {[%cal Ba3a4,Ba4b5][%mdl 32]} c4 (20... b4 $14) 21. axb5 $16 Rc8 22. c3 Ke7 (22... dxc3 $16 {is a better defense.} 23. bxc3 f6) 23. cxd4 $18 exd4 24. Re1 (24. Ne2 $18) 24... cxd3 25. Qxd3 (25. e5 $18) 25... Ne5 $16 26. Qa3+ Bc5 $2 {[#]} (26... Qd6 $16) 27. Qa4 $2 (27. b4 $1 $18 {[%cal Rb4c5] and the rest is easy.} Nc4 28. Qf3) 27... Rhd8 28. Rad1 (28. Ne2 $16 Nd3 29. Nf4 Nxf4 30. Bxf4) 28... d3 $11 29. Bg5+ f6 30. Be3 Bb6 31. Nf1 Rc4 ({Better is} 31... Kf7 $14) 32. Qa3+ $16 Qd6 33. Bxb6 axb6 {[#]} 34. Qa7+ (34. f4 $1 $16 {[%cal Rf4e5]} Qxa3 35. bxa3) 34... Rd7 35. Qa8 {aiming for Ne3.} Rd8 36. Qa7+ Rc7 37. Qa2 Qe6 (37... Qd4 $11) 38. Qa3+ Kf7 39. Ne3 d2 40. Re2 Rc1 $2 {[#]} (40... Rd3 $14 41. b3 Qd7) 41. Rexd2 $1 $18 {[%mdl 512]} Rxd1+ (41... Rxd2 42. Rxc1) 42. Rxd1 Rxd1+ 43. Nxd1 Nc4 (43... f5 {might work better.} 44. exf5 gxf5) 44. Qa7+ Kg8 45. Nc3 Qd6 46. Nd5 f5 (46... Qd8 $142 47. Qb7 Nd6) 47. Qa2 Nd2 48. Nf6+ Kf8 49. Qg8+ (49. e5 $142 Qd8 50. Qg8+ Ke7 51. Nd5+ Kd7 52. e6+ Kc8 53. Nxb6+ Kc7 54. Na8+ Kc8 55. Qxd8+ Kxd8 56. b6) 49... Ke7 50. Nd5+ Kd7 51. Qxh7+ Kc8 52. Qg8+ Kd7 53. Qf7+ Kd8 54. exf5 Qe5 55. Qf8+ Kd7 56. Nf6+ Kc7 57. Qf7+ Kd6 58. Qd7+ Kc5 59. Qxd2 {Precision: White = 44%, Black = 28%.} 1-0

[Event "Istanbul Open 2018"]
[Site "Istanbul"]
[Date "2018.09.05"]
[Round "6"]
[White "Gulsoy, Mustafa Alpago"]
[Black "Emir, Emirhan"]
[Result "1-0"]
[WhiteElo "2061"]
[BlackElo "1852"]
[Annotator "NA"]
[PlyCount "63"]
[EventDate "2018.09.02"]
[EventType "swiss"]
[EventCountry "TUR"]
[SourceTitle "playchess.com"]
[Source "ChessBase"]
[SourceQuality "1"]
[TimeControl "5400+30"]

1. e4 {[%emt 0:00:30]} e6 {[%emt 0:18:30]} 2. d4 {[%emt 0:00:00]} d5 {[%emt 0:00:30]} 3. e5 {[%emt 0:00:00]} c5 {[%emt 0:00:00]} 4. c3 {[%emt 0:00:00]} Nc6 {[%emt 0:00:00]} 5. Nf3 {[%emt 0:00:00]} Qb6 {[%emt 0:00:30]} 6. Na3 {[%emt 0:00:30]} cxd4 {[%emt 0:00:30]} 7. cxd4 {[%emt 0:00:00]} f6 {[%emt 0:00:30]} 8. Nc2 {[%emt 0:00:00]} Bd7 {[%emt 0:02:30]} 9. Be2 {[%emt 0:02:30]} fxe5 {[%emt 0:00:30]} 10. dxe5 {[%emt 0:00:30]} g6 {[%emt 0:01:30]} 11. O-O {[%emt 0:02:30]} Bg7 {[%emt 0:00:30]} 12. Re1 {[%emt 0:00:30]} Nh6 {[%emt 0:01:30]} 13. Ncd4 {[%emt 0:04:30]} Nf7 {[%emt 0:02:30]} 14. Be3 {[%emt 0:03:30]} Qd8 {[%emt 0:07:30]} 15. Nxc6 {[%emt 0:03:30]} bxc6 {[%emt 0:00:30]} 16. Bc5 {[%emt 0:00:00]} Qc7 {[%emt 0:01:30]} 17. Bf1 {[%emt 0:04:00]} Bf8 {[%emt 0:10:30]} 18. Rc1 {[%emt 0:03:30]} Bxc5 {[%emt 0:02:30]} 19. Rxc5 {[%emt 0:00:00]} O-O {[%emt 0:00:30]} 20. Qc2 {[%emt 0:00:00]} Nd8 {[%emt 0:01:30]} 21. Rc3 {[%emt 0:02:30]} Qb6 {[%emt 0:02:30]} 22. h4 {[%emt 0:01:30]} Qb4 {[%emt 0:03:30]} 23. h5 {[%emt 0:00:30]} Qg4 {[%emt 0:01:30]} 24. hxg6 {[%emt 0:00:30]} hxg6 {[%emt 0:00:30]} 25. Nh2 {[%emt 0:00:30]} Qf5 {[%emt 0:07:30]} 26. Bd3 {[%emt 0:00:30]} Qf4 {[%emt 0:02:30]} 27. Bxg6 {[%emt 0:00:30]} Rf5 {[%emt 0:02:30]} 28. Bxf5 {[%emt 0:00:30]} Qxf5 {[%emt 0:00:00]} 29. Rg3+ {[%emt 0:00:00]} Kh7 {[%emt 0:00:00]} 30. Qc5 {[%emt 0:00:00]} Qf7 {[%emt 0:00:30]} 31. Ng4 {[%emt 0:00:30]} Nb7 {[%emt 0:00:30]} 32. Qe3 {[%emt 0:00:00]} 1-0

[Event "Istanbul Open 2018"]
[Site "Istanbul"]
[Date "2018.09.05"]
[Round "6"]
[White "Eryigit, Yakup"]
[Black "Abishli, Oghuz"]
[Result "1-0"]
[WhiteElo "2030"]
[BlackElo "2099"]
[Annotator "NA RC"]
[PlyCount "51"]
[EventDate "2018.09.02"]
[EventType "swiss"]
[EventCountry "TUR"]
[SourceTitle "playchess.com"]
[Source "ChessBase"]
[SourceQuality "1"]
[TimeControl "5400+30"]

1. Nf3 {[%emt 0:00:30]} c5 {[%emt 0:00:30]} 2. c4 {[%emt 0:01:30]} Nc6 {[%emt 0:00:00]} 3. Nc3 {[%emt 0:00:00]} Nd4 {[%emt 0:00:00]} 4. e3 {[%emt 0:02:00]} Nxf3+ {[%emt 0:00:30]} 5. gxf3 {[%emt 0:01:30]} g6 {[%emt 0:02:30]} 6. h4 {[%emt 0:01:30]} Nf6 {[%emt 0:04:30]} 7. b3 {[%emt 0:06:30]} Bg7 {[%emt 0:01:30]} 8. Bb2 {[%emt 0:00:00]} O-O {[%emt 0:10:30]} 9. h5 {[%emt 0:10:00]} d5 {[%emt 0:12:30]} 10. hxg6 {[%emt 0:02:30]} hxg6 {[%emt 0:00:00]} 11. Bd3 {[%emt 0:06:30]} d4 {[%emt 0:07:00]} 12. exd4 {[%emt 0:00:30]} cxd4 {[%emt 0:01:30]} 13. Ne2 {[%emt 0:00:30]} e5 {[%emt 0:00:30]} 14. Qc2 {[%emt 0:00:30]} b6 {[%emt 0:11:30]} 15. O-O-O {[%emt 0:15:30]} Bb7 {[%emt 0:01:30]} 16. Rh3 {[%emt 0:00:30]} Qd7 {[%emt 0:26:18]} 17. Rdh1 {[%emt 0:03:30]} e4 {[%emt 0:00:45]} 18. fxe4 {[%emt 0:01:30]} Ng4 {[%emt 0:00:14]} 19. Rh7 {[%emt 0:18:30]} Rad8 {[%emt 0:05:41]} 20. f3 {[%emt 0:02:30]} Ne5 {[%emt 0:00:31]} 21. Bxd4 {[%emt 0:03:30]} f6 {[%emt 0:03:44]} 22. c5 {[%emt 0:07:06]} b5 {[%emt 0:00:39]} (22... bxc5 $142 23. Bc4+ (23. Bxc5 $2 Nxd3+ 24. Kb1 Nxc5 $19) 23... Nxc4 24. Qxc4+ Qf7) 23. Nf4 {[%emt 0:04:03]} Nxd3+ $2 {[%emt 0:02:46]} (23... Rf7) 24. Qxd3 {[%emt 0:00:20]} Qxd4 {[%emt 0:01:35] [#]} 25. Rxg7+ $18 {[%emt 0:00:05]} Kxg7 {[%emt 0:00:22]} 26. Ne6+ {[%emt 0:00:05]} 1-0

[Event "Istanbul Open 2018"]
[Site "Istanbul"]
[Date "2018.09.05"]
[Round "6"]
[White "Ozkan, Taha"]
[Black "Kuseyri, Mehmet Ali"]
[Result "1-0"]
[WhiteElo "1997"]
[BlackElo "1962"]
[Annotator "NA"]
[PlyCount "53"]
[EventDate "2018.09.02"]
[EventType "swiss"]
[EventCountry "TUR"]
[SourceTitle "playchess.com"]
[Source "ChessBase"]
[SourceQuality "1"]
[TimeControl "5400+30"]

1. d4 {[%emt 0:00:30]} d5 {[%emt 0:00:30]} 2. Nf3 {[%emt 0:00:00]} Nf6 {[%emt 0:00:00]} 3. e3 {[%emt 0:00:00]} g6 {[%emt 0:01:00]} 4. c4 {[%emt 0:00:00]} c6 {[%emt 0:00:30]} 5. Nc3 {[%emt 0:00:00]} Bg7 {[%emt 0:00:00]} 6. Be2 {[%emt 0:02:30]} O-O {[%emt 0:00:00]} 7. O-O {[%emt 0:00:30]} Bg4 {[%emt 0:01:30]} 8. b3 {[%emt 0:01:30]} Nbd7 {[%emt 0:01:30]} 9. Bb2 {[%emt 0:01:30]} Re8 {[%emt 0:04:30]} 10. h3 {[%emt 0:05:30]} Bxf3 {[%emt 0:00:30]} 11. Bxf3 {[%emt 0:00:30]} dxc4 {[%emt 0:00:30]} 12. bxc4 {[%emt 0:00:00]} e5 {[%emt 0:00:30]} 13. Qc2 {[%emt 0:09:00]} exd4 {[%emt 0:02:30]} 14. exd4 {[%emt 0:01:30]} Nb6 {[%emt 0:00:30]} 15. Qb3 {[%emt 0:10:30]} Qd7 {[%emt 0:02:30]} 16. Rfd1 {[%emt 0:02:30]} Rad8 {[%emt 0:00:30]} 17. a4 {[%emt 0:04:30]} Qc8 {[%emt 0:05:30]} 18. Rac1 {[%emt 0:07:30]} Nfd7 {[%emt 0:05:30]} 19. c5 {[%emt 0:17:30]} Na8 {[%emt 0:00:30]} 20. Ne4 {[%emt 0:00:30]} Bf8 {[%emt 0:03:30]} 21. Ng5 {[%emt 0:01:30]} Re7 {[%emt 0:01:30]} 22. d5 {[%emt 0:03:30]} Bh6 {[%emt 0:06:30]} 23. d6 {[%emt 0:03:30]} Bxg5 {[%emt 0:00:00]} 24. dxe7 {[%emt 0:01:30]} Bxe7 {[%emt 0:00:00]} 25. Bg4 {[%emt 0:00:30]} Nc7 {[%emt 0:00:30]} 26. Qe3 {[%emt 0:00:30]} h5 {[%emt 0:00:30]} 27. Qh6 {[%emt 0:00:30]} 1-0

[Event "Istanbul Open 2018"]
[Site "Istanbul"]
[Date "2018.09.05"]
[Round "6"]
[White "Akin, Yagiz Cinar"]
[Black "Tahaoglu, Ugur Barkin"]
[Result "1-0"]
[WhiteElo "1963"]
[BlackElo "1893"]
[Annotator "NA"]
[PlyCount "49"]
[EventDate "2018.09.02"]
[EventType "swiss"]
[EventCountry "TUR"]
[SourceTitle "playchess.com"]
[Source "ChessBase"]
[SourceQuality "1"]
[TimeControl "5400+30"]

1. e4 {[%emt 0:00:30]} e5 {[%emt 0:00:30]} 2. Nf3 {[%emt 0:00:00]} Nf6 {[%emt 0:00:30]} 3. Nxe5 {[%emt 0:00:00]} d6 {[%emt 0:00:00]} 4. Nf3 {[%emt 0:00:00]} Nxe4 {[%emt 0:00:00]} 5. Nc3 {[%emt 0:00:00]} Nxc3 {[%emt 0:00:30]} 6. dxc3 {[%emt 0:00:00]} Be7 {[%emt 0:00:00]} 7. Be3 {[%emt 0:00:00]} Nc6 {[%emt 0:00:00]} 8. Qd2 {[%emt 0:00:30]} Be6 {[%emt 0:00:30]} 9. O-O-O {[%emt 0:00:30]} Qd7 {[%emt 0:02:30]} 10. Kb1 {[%emt 0:03:30]} a6 {[%emt 0:02:30]} 11. h3 {[%emt 0:00:30]} h6 {[%emt 0:04:30]} 12. g4 {[%emt 0:00:30]} O-O-O {[%emt 0:21:30]} 13. Bg2 {[%emt 0:00:30]} Bf6 {[%emt 0:09:30]} 14. Nd4 {[%emt 0:06:30]} Nxd4 {[%emt 0:01:30]} 15. Bxd4 {[%emt 0:03:30]} Kb8 {[%emt 0:06:30]} 16. Bxf6 {[%emt 0:01:30]} gxf6 {[%emt 0:00:00]} 17. f4 {[%emt 0:00:30]} f5 {[%emt 0:03:00]} 18. g5 {[%emt 0:03:30]} hxg5 {[%emt 0:02:30]} 19. fxg5 {[%emt 0:00:30]} Rh4 {[%emt 0:00:30]} 20. Qf2 {[%emt 0:00:30]} Rdh8 {[%emt 0:06:30]} 21. Rd4 {[%emt 0:01:30]} f4 {[%emt 0:17:30]} 22. Rxf4 {[%emt 0:01:30]} Rxf4 {[%emt 0:00:30]} 23. Qxf4 {[%emt 0:00:00]} Rxh3 {[%emt 0:01:13]} 24. Bxh3 {[%emt 0:02:00]} Bxh3 {[%emt 0:00:03]} 25. Qe3 {[%emt 0:00:30]} 1-0

[Event "Istanbul Open 2018"]
[Site "Istanbul"]
[Date "2018.09.05"]
[Round "6"]
[White "Ozsakallioglu, Akin"]
[Black "Mohannad, Farhan"]
[Result "1-0"]
[WhiteElo "1861"]
[BlackElo "2201"]
[Annotator "TA"]
[PlyCount "159"]
[EventDate "2018.09.02"]
[EventType "swiss"]
[EventCountry "TUR"]
[SourceTitle "playchess.com"]
[Source "ChessBase"]
[SourceQuality "1"]

{[%evp 11,159,30,54,50,72,0,0,0,0,0,0,0,0,0,0,-11,0,0,5,0,0,0,4,-18,0,1,9,7,7,7,6,6,21,19,18,20,17,14,12,12,21,14,14,13,22,14,32,31,31,22,17,20,35,0,31,0,0,0,0,0,0,0,31,31,31,31,31,31,31,31,31,31,31,31,31,31,31,23,31,31,31,0,23,23,23,23,23,0,23,23,23,0,23,0,40,0,100,100,100,100,497,486,449,442,435,345,716,707,697,489,460,245,323,323,414,323,323,323,323,323,550,522,556,426,1324,1220,586,240,5581,5165,2834,2657,2496,2504,1899,1038,29977,29978,29976,29977,29977,29978,29976,29974,5181,8238,29984,29985,29985,29986]} 1. e4 d5 2. exd5 Qxd5 3. Nc3 Qd6 4. d4 Nf6 5. Nf3 c6 6. Bc4 {B01: Scandinavian Defence} (6. h3 Nbd7 7. Bd3 g6 8. O-O Bg7 9. Re1 O-O 10. Qe2 e6 11. Bg5 b6 12. Rad1 Bb7 13. Ne5 c5 14. dxc5 Qxe5 15. Qxe5 Nxe5 16. Rxe5 {1-0 (90) Guseinov,G (2645)-Carlsen,M (2832) chess.com INT 2017}) 6... Be6 {LiveBook: 6 Games} 7. Bxe6 Qxe6+ 8. Qe2 (8. Ne2 $16) 8... Qxe2+ $11 9. Nxe2 e6 10. O-O Nbd7 11. c4 $146 ({Predecessor:} 11. Ng3 g6 12. Re1 Bg7 13. Bf4 O-O {0-1 (29) Smiley,W (1906)-Disque,P ICCF email 2010}) 11... Be7 12. b3 O-O 13. Bb2 Rfd8 14. Rfd1 Nb6 15. Nf4 a5 16. Kf1 a4 17. Ke2 Ra6 18. Ne5 Rda8 19. f3 Ne8 20. Nfd3 f6 21. Ng4 axb3 (21... Nd7 {keeps more tension.} 22. Ne3 Kf7 23. Kf2 Nc7 24. f4 b5) 22. axb3 Nd7 23. Rxa6 Rxa6 24. Ra1 Rxa1 25. Bxa1 Nc7 26. Ne3 Kf7 27. Bc3 b6 28. f4 f5 29. g4 g6 30. g5 Bf8 31. Nc2 Na6 32. b4 Nc7 33. Ne3 Bg7 34. Kd2 Nb8 35. Kc2 Nd7 36. Kd2 Bf8 37. Ne5+ Nxe5 38. dxe5 $14 {[%mdl 4096] Endgame KBN-KBN} Be7 39. Kd3 Na6 40. Nc2 Ke8 41. Be1 Kd7 42. Kc3 Nc7 43. Ne3 Ne8 44. Nf1 Ng7 45. Ng3 Ne8 46. Nf1 Kc8 47. Bf2 Kb7 48. Bg1 Bf8 49. Bf2 Nc7 50. Ne3 Ne8 51. Nf1 Bg7 52. Bg1 Nd6 53. Nd2 {Black must now prevent Bxb6!} Nf7 (53... Ne8 $1 $11 {remains equal.}) 54. Bd4 $16 Kc7 55. Bf2 Nd6 $2 {[%mdl 8192] [#]} (55... Nd8 $16 {is tougher.}) 56. Bxb6+ $1 $18 {[%mdl 512]} Kd7 (56... Kxb6 57. c5+) 57. Bd4 Nb7 58. Nb3 Bf8 $2 (58... Kc7 59. Be3 Bf8) 59. Bb6 Be7 60. Be3 Kc7 61. Nc1 (61. Ba7 $142) 61... Bf8 62. Nd3 Be7 63. Kb3 Bf8 64. Ka4 Be7 65. b5 c5 $2 (65... Kd7 {was necessary.} 66. b6 Ke8) 66. Nc1 Kb6 {intending ...Na5.} 67. Nb3 Bd8 (67... Nd8 $142 68. Nc1 Nb7) 68. Bd2 Ka7 69. Ba5 (69. Na5 $142) 69... Nxa5 $2 (69... Bb6 70. Bd2 Nd8) 70. Nxa5 {KB-KN} Kb6 71. Nb3 Be7 72. h4 Bf8 73. Nc1 h5 74. Nb3 Be7 {[#]} 75. Na5 $1 {[%cal Ra5c6]} Bd8 76. Nc6 Bc7 77. Kb3 Kb7 78. Ne7 Bxe5 79. fxe5 f4 80. Kc3 {Precision: White = 66%, Black = 37%.} 1-0

[Event "Istanbul Open 2018"]
[Site "Istanbul"]
[Date "2018.09.05"]
[Round "6"]
[White "Mehrinejad, Mansour"]
[Black "Bagci, Hikmet"]
[Result "1-0"]
[WhiteElo "1839"]
[BlackElo "1619"]
[Annotator "NA RC"]
[PlyCount "113"]
[EventDate "2018.09.02"]
[EventType "swiss"]
[EventCountry "TUR"]
[SourceTitle "playchess.com"]
[Source "ChessBase"]
[SourceQuality "1"]
[TimeControl "5400+30"]

1. d4 {[%emt 0:00:30]} Nf6 {[%emt 0:00:30]} 2. Bg5 {[%emt 0:00:00]} d5 {[%emt 0:00:30]} 3. Nf3 {[%emt 0:00:00]} e6 {[%emt 0:00:00]} 4. e3 {[%emt 0:00:30]} Be7 {[%emt 0:01:00]} 5. Bd3 {[%emt 0:00:00]} Nbd7 {[%emt 0:00:30]} 6. O-O {[%emt 0:00:00]} O-O {[%emt 0:01:30]} 7. Nbd2 {[%emt 0:00:30]} c5 {[%emt 0:00:30]} 8. c3 {[%emt 0:00:00]} a6 {[%emt 0:01:30]} 9. Ne5 {[%emt 0:01:00]} Nxe5 {[%emt 0:05:30]} 10. dxe5 {[%emt 0:00:30] D03: 1 d4 d5 2 Nf3 Nf6 3 Bg5, including Torre Attack with early ...d5} Nd7 {[%emt 0:00:30]} 11. Bxe7 {[%emt 0:00:30]} (11. Bf4 b5 12. a4 Rb8 13. axb5 axb5 14. b4 d4 15. cxd4 cxd4 16. Ne4 dxe3 17. fxe3 Bb7 {1-0 (29) Delgado Ramirez,N (2534)-Escobar Forero,A (2457) Havana 2006}) 11... Qxe7 {[%emt 0:00:00]} 12. f4 {[%emt 0:00:00]} f5 {[%emt 0:02:00]} 13. Qh5 $146 {[%emt 0:02:00]} ({Predecessor:} 13. g4 b5 14. gxf5 exf5 15. Rf3 c4 16. Bc2 Nc5 17. Rh3 Bb7 {1-0 (32) Beltz,M (2185)-Jahn,C (2210) Germany 1992}) 13... c4 {[%emt 0:02:30]} 14. Bc2 {[%emt 0:07:30]} Nc5 {[%emt 0:01:30]} 15. Nf3 {[%emt 0:02:30]} Bd7 {[%emt 0:00:30]} 16. Ng5 {[%emt 0:04:30]} h6 {[%emt 0:02:30]} 17. Nf3 {[%emt 0:03:30]} Ne4 {[%emt 0:05:30]} 18. Bxe4 {[%emt 0:05:30]} dxe4 {[%emt 0:03:30]} 19. Nd4 {[%emt 0:00:30]} Be8 {[%emt 0:03:30]} 20. Qh3 {[%emt 0:02:30]} Rd8 {[%emt 0:05:30]} 21. Kh1 {[%emt 0:07:30]} h5 {[%emt 0:05:30]} 22. Rg1 {[%emt 0:04:30]} g6 {[%emt 0:02:30]} 23. Qg3 {[%emt 0:00:30]} Kh7 {[%emt 0:01:30]} 24. h3 {[%emt 0:01:30]} Bf7 {[%emt 0:01:30]} 25. Rad1 {[%emt 0:12:30]} Rd5 {[%emt 0:01:30]} 26. Rd2 {[%emt 0:01:30]} Rfd8 {[%emt 0:00:00]} 27. Qe1 {[%emt 0:06:30]} h4 {[%emt 0:13:00]} 28. g3 {[%emt 0:01:30]} hxg3 {[%emt 0:00:00]} 29. Qxg3 {[%emt 0:01:30]} Rh8 {[%emt 0:01:00]} 30. h4 {[%emt 0:03:30]} Qe8 {[%emt 0:03:30]} 31. Rh2 {[%emt 0:01:30]} Rg8 {[%emt 0:01:30]} 32. Kg2 {[%emt 0:06:30]} Rd7 {[%emt 0:06:30]} 33. Kf2 {[%emt 0:00:30]} Qf8 $2 {[%emt 0:04:30] [#]} (33... Qd8 $16 {war nötig.} 34. Qg5 Rh8) 34. Qg5 {[%emt 0:05:30]} (34. h5 $142 $1 {[%mdl 512]} gxh5 {[#]} 35. Nxe6 $1 {[%mdl 512]} Rd2+ 36. Kf1 Rd1+ 37. Ke2) 34... Qe7 $2 {[%emt 0:08:44] [#]} (34... Qe8 {is tougher.} 35. Qf6 Qe7) 35. h5 $1 {[%emt 0:02:45]} Qxg5 {[%emt 0:07:09]} 36. hxg6+ {[%emt 0:00:12]} ({Und nicht} 36. Rxg5 gxh5 37. Rxg8 Kxg8 $15) 36... Kg7 {[%emt 0:00:40]} 37. Rxg5 {[%emt 0:02:07]} Bxg6 {[%emt 0:00:41]} 38. Nxe6+ {[%emt 0:00:18]} Kf7 {[%emt 0:00:04]} 39. Nd4 {[%emt 0:00:39]} Kf8 {[%emt 0:03:10]} 40. Ke2 {[%emt 0:06:47]} Rh7 {[%emt 0:00:38]} 41. Rxh7 {[%emt 0:01:00]} Bxh7 {[%emt 0:00:02]} 42. Rxg8+ {[%emt 0:03:02]} Kxg8 {[%emt 0:00:03]} 43. Ne6 {[%emt 0:01:19]} Bg6 {[%emt 0:01:08]} 44. Nc5 {[%emt 0:00:27]} Kf7 {[%emt 0:02:39]} 45. Nxb7 {[%emt 0:00:18]} Ke7 {[%emt 0:00:32]} 46. Nd6 {[%emt 0:00:27]} Ke6 {[%emt 0:01:26]} 47. Nxc4 {[%emt 0:00:18]} Kd5 {[%emt 0:00:28]} 48. Nd6 {[%emt 0:00:11]} Bh5+ {[%emt 0:00:13]} 49. Kd2 {[%emt 0:00:13]} Bg4 {[%emt 0:00:04]} 50. c4+ {[%emt 0:00:20]} Kc5 {[%emt 0:00:16]} 51. Kc3 {[%emt 0:00:17]} a5 {[%emt 0:00:19]} 52. b3 {[%emt 0:00:50]} Bh3 {[%emt 0:00:29]} 53. a3 {[%emt 0:00:11]} Bg4 {[%emt 0:00:15]} 54. b4+ {[%emt 0:00:08]} axb4+ {[%emt 0:00:47]} 55. axb4+ {[%emt 0:00:08]} Kc6 {[%emt 0:00:17]} 56. Nb5 {[%emt 0:00:15]} Bh5 {[%emt 0:00:27]} 57. Nd4+ {[%emt 0:00:15]} 1-0